[Event "Corsica Masters op 16th"]
[Site "Bastia"]
[Date "2012.10.27"]
[Round "1"]
[White "Lardies Ceccaldi, Amalia"]
[Black "Dimitrov, Radoslav"]
[Result "0-1"]
[WhiteElo "1593"]
[BlackElo "2403"]
[PlyCount "32"]
[EventDate "2012.10.27"]
[EventType "swiss (rapid)"]
[EventRounds "9"]
[EventCountry "FRA"]
[SourceTitle "EXT 2013"]
[Source "ChessBase"]
[SourceDate "2012.11.22"]
[SourceVersion "1"]
[SourceVersionDate "2012.11.22"]
[SourceQuality "1"]

1. d4 Nc6 2. c4 e5 3. d5 Nce7 4. Nc3 Ng6 5. Nf3 Bc5 6. e4 Nf6 7. Be2 0-0 8. 0-0 a6 9. h3 d6 10. a3 Ba7 11. Kh1 Nh5 12. Nxe5 Nxe5 13. Bxh5 Qh4 14. b3 Bxf2 15. Ra2 Bxh3 16. Rfxf2 Bg4+ 0-1

[Event "FRA-ch U16 Girls"]
[Site "Nimes"]
[Date "2012.04.15"]
[Round "3"]
[White "Lardies Ceccaldi, Amalia"]
[Black "Rigolot, Lucie"]
[Result "0-1"]
[WhiteElo "1621"]
[BlackElo "1954"]
[PlyCount "34"]
[EventDate "2012.04.14"]
[EventType "swiss"]
[EventRounds "9"]
[EventCountry "FRA"]
[SourceTitle "CBM 148 Extra"]
[Source "ChessBase"]
[SourceDate "2012.06.22"]
[SourceVersion "1"]
[SourceVersionDate "2012.06.22"]
[SourceQuality "1"]

1. e4 c5 2. Nf3 d6 3. h3 Nf6 4. c3 Nc6 5. Bd3 Qc7 6. Bc2 d5 7. exd5 Nxd5 8. 0-0 e6 9. d4 cxd4 10. Nxd4 Bd7 11. Re1 0-0-0 12. Nxc6 Bxc6 13. Nd2 Bc5 14. Nf3 Nxc3 15. bxc3 Rxd1 16. Bxd1 Bxf3 17. gxf3 Qg3+ 0-1

[Event "FRA-ch U16 Girls"]
[Site "Nimes"]
[Date "2012.04.15"]
[Round "2"]
[White "Thomas, Anysia"]
[Black "Lardies Ceccaldi, Amalia"]
[Result "0-1"]
[WhiteElo "1762"]
[BlackElo "1621"]
[PlyCount "106"]
[EventDate "2012.04.14"]
[EventType "swiss"]
[EventRounds "9"]
[EventCountry "FRA"]
[SourceTitle "CBM 148 Extra"]
[Source "ChessBase"]
[SourceDate "2012.06.22"]
[SourceVersion "1"]
[SourceVersionDate "2012.06.22"]
[SourceQuality "1"]

1. d4 d5 2. c4 e6 3. Nc3 Nf6 4. Nf3 Be7 5. Bg5 Nbd7 6. e3 0-0 7. cxd5 exd5 8. Bd3 b6 9. Qc2 h6 10. Bh4 Bb7 11. 0-0 c5 12. dxc5 bxc5 13. a4 Re8 14. Rfd1 Qc7 15. Bg3 Bd6 16. Nb5 Qb6 17. Nxd6 Re6 18. Nxb7 Qxb7 19. Bf5 Ree8 20. Bxd7 Nxd7 21. a5 Rac8 22. Qf5 Nf6 23. Bh4 Ne4 24. Rab1 Qb5 25. Qxd5 Qxa5 26. Ne5 Qc7 27. Qxe4 Rxe5 28. Qf4 g5 29. Bg3 gxf4 30. Bxf4 Qe7 31. Bxe5 Qxe5 32. h3 Kg7 33. b3 Qe6 34. Rdc1 Qe4 35. Ra1 Qb7 36. Rc4 Qxb3 37. Rg4+ Kf8 38. Ra6 Qb1+ 39. Kh2 c4 40. Rxh6 Ke7 41. Rhh4 c3 42. f3 c2 43. Re4+ Kd7 44. Rd4+ Kc7 45. Rc4+ Kb8 46. Rb4+ Qxb4 47. Rxb4+ Ka8 48. e4 c1Q 49. e5 Qc5 50. Re4 f5 51. exf6 Qd6+ 52. f4 Qxf6 53. g4 Qh4 0-1